1723 1396 1446 1489 1702 1905 1403 1246 1117 1180 1816 1612 1562 1003 1718 1360 1865 1441 1139 1661 1622 1547 1043 1893 1561 1609 1110 1645 1769 1917 1683 1926 1033 1858 1298 1012 1084 1946 1353 1288 1912 1290 1118 1695 1584 1373 1889 1815 1667 1093 1191 1886 1666 1404 1669 1933 1590 1602 1158 1597 1909 1009 1270 1719 1496 1902 1919 1964 1617 1604 1059 1866 1760 1359 1764 1661 1926 1469 1494 1132 1000 1678 1821 1504 1008 1724 1645 1718 1056 1322 1032 1491 1652 1154 1148 1136 1320 1068 1456 BCNSPRNW ULIB Ver.6.0+V

เปลี่ยนเป็นภาษาไทย

Change to English
 แสดงรายละเอียดบรรณานุกรม
  กลับหน้าหลัก

Brief Record : Get Marc (ISO 2709) : E-mail record : QR code < ปิดหน้าต่าง
LEADER : 00000nam 2200000uu 4500
001    13399119991
003     ULIB
008    120821s2554||||th 000 0 tha d
020    9789749752395
060  4 WB115^b895
100 0  อำนาจ ชัยประเสริฐ, ประเจษฐ์ เรืองกาญจนเศรษฐ์, จันทราภา ศรีสวัสดิ์ และวิชัย ประยูรวิวัฒน์
245 00 Practical points in internal medicine^cบรรณาธิการโดย อำนาจ ชัยประเสริฐ,ประเจษฐ์ เรืองกาญจนเศรษฐ์, จันทราภา ศรีสวัสดิ์ และวิชัย ประยูรวิวัฒน์
260    กรุงเทพฯ:^bโครงการตำราวิทยาลัยแพทยศาสตร์พระมงกุฎเกล้า,^c2554
300    491 หน้า:^bภาพประกอบ,^c29 ซม
650  4 Internal medicine
700 0  อำนาจ ชัยประเสริฐ,^eบรรณาธิการ
700 0  ประเจษฐ์ เรืองกาญจนเศรษฐ์,^eบรรณาธิการ
700 0  จันทราภา ศรีสวัสดิ์,^eบรรณาธิการ
700 0  วิชัย ประยูรวิวัฒน์,^eบรรณาธิการ
945    ^p500^l0^i19275
945    ^p500^l0^i19276
995    เกษร
999    ^aใช้งานได้ทุกระบบ
รายการนี้ยังไม่มีแท็ก
คุณยังไม่ได้ล็อกอิน คุณสามารถมีกิจกรรมร่วมกับเว็บไซต์ได้ แต่ต้องล็อกอินก่อน ::
  ล็อกอิน

รายการสื่อสารสนเทศ

ลำดับที่ ประเภท เลขเรียก/บาร์โค้ด สถานที่ สถานะ
1. วิทยาศาสตร์การแพทย์ และสุขภาพ
วิทยาศาสตร์การแพทย์ และสุขภาพ
สถานะ=หนังสือเก่า
WB115 895 ฉ.1 
  Barcode: 19275
ห้องสมุดวิทยาเขตนครสวรรค์
►ส่วนจัดเก็บหนังสือเก่า นว.
บนชั้น
  ขอยืม
2. วิทยาศาสตร์การแพทย์ และสุขภาพ
วิทยาศาสตร์การแพทย์ และสุขภาพ
สถานะ=หนังสือเก่า
WB115 895 ฉ.2 
  Barcode: 19276
ห้องสมุดวิทยาเขตนครสวรรค์
►ส่วนจัดเก็บหนังสือเก่า นว.
บนชั้น
  ขอยืม

รายการใกล้เคียง
    หัวเรื่อง [Internal medicine]

BibComment


ยังไม่เคยถูกคอมเมนท์

คอมเมนท์ทรัพยากรรายการนี้
  คอมเมนท์: Practical points ..


 Copyright 2026. Bcnsprnw @Library